Contribuir a la prevención y erradicación del trabajo infantil y protección del trabajador adolescente desde la inspección de trabajo /
| Autor Corporativo: | |
|---|---|
| Formato: | Libro |
| Lenguaje: | español |
| Publicado: |
Costa Rica :
OIT,
2005
|
| Materias: |
MARC
| LEADER | 00000nam a2200000Ia 4500 | ||
|---|---|---|---|
| 008 | 170420b2005 cr ||||| |||| 00| | spa d | ||
| 999 | |c 695 |d 695 | ||
| 020 | |a 9223180171 | ||
| 090 | |a 13.09.02 |b 1683 | ||
| 110 | |9 1240 |a Oficina Internacional del Trabajo | ||
| 245 | 1 | 0 | |a Contribuir a la prevención y erradicación del trabajo infantil y protección del trabajador adolescente desde la inspección de trabajo / |c OIT |
| 260 | |a Costa Rica : |b OIT, |c 2005 | ||
| 300 | |a 88 páginas | ||
| 650 | 1 | 4 | |a TRABAJO DE MENORES |9 1864 |
| 650 | 1 | 4 | |a MANUALES |9 426 |
| 942 | |i 003538 |h 13.09.02 1683 |2 z |c 01 | ||
